Premier League Tottenham's Top Scorers Quiz Stats

 Plays Quiz Updated Jul 23, 2018

Challenge
Share
Tweet
Embed
Score 0/31 Timer 10:00
34 Plays Today
Goals Player % Correct
119Harry Kane
95.5%
91Jermain Defoe
90.6%
41Dele Alli
84.3%
91Robbie Keane
84.1%
43Christian Eriksen
77.2%
99Teddy Sheringham
77%
43Gareth Bale
74.2%
35Son Heung-min
72.2%
26Aaron Lennon
68.1%
27Dimitar Berbatov
64.2%
29Jurgen Klinsmann
62.1%
14Erik Lamela
61%
33Les Ferdinand
60%
24Rafael van der Vaart
56.3%
18Darren Bent
52.1%
34Darren Anderton
51.8%
Goals Player % Correct
13David Ginola
51.1%
13Luka Modrić
50.7%
21Jermaine Jenas
48.1%
21Roman Pavlyuchenko
45.6%
34Emmanuel Adebayor
45%
37Steffen Iversen
42.9%
48Chris Armstrong
41.6%
15Nacer Chadli
31.3%
14Frederic Kanoute
31.2%
18Gustavo Poyet
31.1%
13Ruel Fox
28.7%
14Hossam Mido
27%
20Nick Barmby
25.4%
13Simon Davies
25.3%
13Jason Dozzell
13.7%

You're not logged in!

Compare scores with friends on all Sporcle quizzes.
OR
Log In

You Might Also Like...

Show Comments

Extras

Top Quizzes Today


Score Distribution

Your Account Isn't Verified!

In order to create a playlist on Sporcle, you need to verify the email address you used during registration. Go to your Sporcle Settings to finish the process.

Report this User

Report this user for behavior that violates our Community Guidelines.

Details: